000 00324nab a22001097u 4500
008 130520b1986 xxu||||| |||| 00| 0 spa d
041 _aspa
100 1 _aKüng, Hans
_d(1928-)
_92965
245 0 0 _aDebate sobre el término "religión"
_cHans Küng
773 0 _tConcilium
_gV.1,1986,págs.41615
_x0210-1041
_wRev134
942 _cAR
999 _c355199
_d355199